000 01355cam a22003497a 4500
001 10998
003 CUTN
005 20130506124800.0
008 110127s2011 nyua b 001 0 eng d
010 _a 2011921721
020 _a9781441983084
020 _a1441983082
035 _a(OCoLC)ocn739403418
040 _aNjP
_cPUL
_dNDD
_dYDXCP
_dOHX
_dDLC
042 _alccopycat
050 0 0 _aQC174.17.P7
_bL56 2011
082 0 4 _a530.14/4
_222
100 1 _aLindgren, Ingvar,
_d1931-
_zLIN
245 1 0 _aRelativistic many-body theory :
_ba new field-theoretical approach /
_cIngvar Lindgren.
260 _aNew York :
_bSpringer,
_cc2011.
300 _axviii, 365 p. :
_bill. ;
_c24 cm.
490 1 _aSpringer series on atomic, optical, and plasma physics ;
_vv. 63
504 _aIncludes bibliographical references and index.
650 0 _aMany-body problem.
830 0 _aSpringer series on atomic, optical, and plasma physics ;
_vv. 63.
856 4 2 _3Publisher description
_uhttp://www.loc.gov/catdir/enhancements/fy1206/2011921721-d.html
856 4 1 _3Table of contents only
_uhttp://www.loc.gov/catdir/enhancements/fy1206/2011921721-t.html
906 _a7
_bcbc
_ccopycat
_d2
_encip
_f20
_gy-gencatlg
942 _2ddc
_cBOOKS
999 _c2478
_d2478